| 000 | 02290nam a22002897a 4500 | ||
|---|---|---|---|
| 003 | OSt | ||
| 005 | 20240724123526.0 | ||
| 007 | ta | ||
| 008 | 210324b 2018 dr a 00| 0 eng d | ||
| 020 | _a9789945168723 | ||
| 040 | 4 |
_aDO-SdBNP _bspa _cBNPHU |
|
| 082 | 4 |
_a332 _bC764c 2018 _222 |
|
| 100 | 1 |
_aContreras Núñez, Carlos, _952572 _d1951- |
|
| 245 | 1 | 0 |
_aConceptos básicos de gestión económica y financiera / _cCarlos Contreras Núñez ; prólogo ; Edita Rodríguez, |
| 250 | _a3a. ed. | ||
| 260 | 2 |
_aSanto Domingo : _bBúho, _c2018. |
|
| 300 |
_axxiii, 428 p. : _bil. , _c28 cm. |
||
| 500 | _aIncluye datos biográficos del autor en la contracubierta | ||
| 504 | 0 | _aBibliografía: p. 447-748 | |
| 505 | 0 |
_aContenido _tIntroducción -- _tPrólogo -- _gCapitulo I. _tGeneralidades -- _gCapítulo II. _tRégimen de sociedades comerciales en República Dominicana _gCapítulo III. _tValor del dinero en el tiempo -- _gCapítulo IV. _tEstados financieros, análisis, indicadores y razones financieras -- _gCapítulo V. _tRiesgos y rendimientos -- _gCapítulo VI. _tAdministración de capital de trabajo -- _gCapítulo VII. _tGestión de pasivos de corto plazo -- _gCapitulo VIII. _tGestión de los activos de corto plazo -- _gCapítulo IX. _tPlanificación financiera -- _gCapítulo X. _tPresupuesto de capital, proyecto de inversión nueva, expansión y reemplazo -- _gCapítulo XI. _tMercados financieros, valuación : deudas (bonos) y acciones _gCapítulo XII. _tEstructura y costo de capital, apalancamiento y punto de equilibrio -- _gCapítulo XIII. _tAnálisis de costos de manufacturas. Compañías manufactureras (caso objeto de estudio : zonas francas industriales) _gCapítulo XIV. _tValoración de empresas y contratos -- _gCapítulo XV. _tIndexación de precios por inflación y tipo de cambio -- _gCapítulo XVI. _tControl interno, auditoria interna y gestión de riesgos -- _gCapítulo XVII. _tLeasing o arrendamiento -- _gCapitulo XVIII. _tBolsa de valores global y en la República Dominicana -- _gCapítulo XIX. _tFideicomiso en la República Dominicana -- _tEstudios de casos -- _tBibliografía. |
|
| 590 | _aInventariado, 2021 / SA | ||
| 650 | 0 |
_aFinanzas _9641 |
|
| 650 | 4 |
_aEconomía _978263 |
|
| 700 | 1 |
_aRodríguez, Edita, _epról. _921614 |
|
| 910 | _aS/A. Validado, 2021/MFF | ||
| 942 |
_2ddc _cLBS1 |
||
| 999 |
_c49672 _d49672 |
||